000
00331nam a2200145Ia 4500
008
150201s1997 xx 000 0 und d
082
_a
615.8
_b
H1997W
100
_a
WILTON
245
_a
HAND SPLINTING
250
_a
1ST
260
_b
SAUNDERS
_a
PHILADELPHIA
_c
1997
300
_a
1-226
650
_a
PHYSIOTHERAPY
942
_2
ddc
_c
BK
999
_c
4333
_d
4333